000 00726nam a2200229 i 4500
001 13444
003 ES-MaACL
005 20251005063029.0
007 t|
008 980320s1995 sp |||| | spa d
020 _a84-89616-01-9
080 _a94(460)(089.3)
080 _a821.133.1-36"15"
100 1 _aBrantôme, Pierre de Bourdeille,
_cseigneur de
_931369
245 1 0 _aGentilezas y bravuconadas de los españoles /
_cPierre de Bourdeille, seigneur de Brantôme.
260 _aMadrid :
_bMosand,
_c[1995]
300 _a174 p. ;
_c20 cm.
651 4 _aEspaña-
_xCuriosidades.
_98181
651 4 _aEspaña-
_xUsos y costumbres-
_yS.XVI-XVII.
_98523
852 _aES-MaACL
_jL-20762
999 _c13444
_d13444